LEADER 00831nam0-22003011i-450- 001 990000153230403321 035 $a000015323 035 $aFED01000015323 035 $a(Aleph)000015323FED01 035 $a000015323 100 $a20011111d--------km-y0itay50------ba 101 0 $aita 105 $ay-------001yy 200 1 $aForze speciali sul mare$fFrancesco Fatutta. 210 $a[Roma]$cRivista marittima$d1997 215 $a179 p.$cill.$d24 cm 300 $aSuppl. a: Rivista marittima, marzo 1997 610 0 $aFanteria di marina 676 $a359.96 700 1$aFatutta,$bFrancesco$09393 801 0$aIT$bUNINA$gRICA$2UNIMARC 901 $aBK 912 $a990000153230403321 952 $a13 E 72 39$b9773/1$fFINBC 959 $aFINBC 996 $aForze speciali sul mare$934674 997 $aUNINA DB $aING01 LEADER 00769nam 22001935i 4500 001 991004268737207536 005 20230704153346.0 008 230324s2000 it 000 0 ita d 040 $aBibl. Dip.le Aggr. Scienze Giuridiche - Sez. Centro Studi sul Rischio 082 04$a345.45 100 1 $aStella, Federico$0113214 245 10$aLeggi scientifiche e spiegazione causale nel diritto penale :$bil nesso di condizionamento fra azione ed evento /$cFederico Stella 260 $aMilano :$bA. Giuffrè,$c1975 300 $a331 p. ;$c25 cm 490 1 $aRaccolta di studi di diritto penale ;$v22 650 4$aCausalità $xDiritto penale 912 $a991004268737207536 996 $aLeggi scientifiche e spiegazione causale nel diritto penale$968601 997 $aUNISALENTO